Čína a EÚ - textilný a odevný priemysel. Dopad liberalizácie obchodu na EÚ a Čínu
Krajiny EÚ /ale aj USA/ mali desať rokov na prípravu na prílev textilu z Číny, výrazný rast čínskeho dovozu ich napriek tomu prekvapil. Textilný a odevný priemysel Číny. Čína nie je pre európskych výrobcov textilu a odevov len hrozbou, môže byť aj pozitívnym stimulom - cieľovým trhom pre vysoko kval...
Gespeichert in:
| 1. Verfasser: | |
|---|---|
| Format: | Buchkapitel |
| Sprache: | Slowakisch |
| Schlagworte: | |
| Tags: |
Keine Tags, Fügen Sie das erste Tag hinzu!
|
MARC
| LEADER | 00000naa$a2200000$$$4500 | ||
|---|---|---|---|
| 001 | 0040817 | ||
| 005 | 20240502113210.0 | ||
| 041 | 0 | |a slo | |
| 044 | |a SK | ||
| 245 | 1 | 0 | |a Čína a EÚ - textilný a odevný priemysel. Dopad liberalizácie obchodu na EÚ a Čínu |c Ľubica Zubaľová |
| 520 | |a Krajiny EÚ /ale aj USA/ mali desať rokov na prípravu na prílev textilu z Číny, výrazný rast čínskeho dovozu ich napriek tomu prekvapil. Textilný a odevný priemysel Číny. Čína nie je pre európskych výrobcov textilu a odevov len hrozbou, môže byť aj pozitívnym stimulom - cieľovým trhom pre vysoko kvalitné a značkové produkty, po ktorých na čínskom trhu rastie dopyt. Najzaujímavejšie pre európskych výrobcov by mohli byť kapitálovo náročné odvetvia a technické textílie pre zdravotníctvo, chemické aplikácie, nové materiály, textílie pre automobilový priemysel a pod. Nemalo by ale ísť len o exporty na tento rozsiahly trh, ale hlavne o priame zahraničné investície, ktoré budú podporovať európske záujmy v Číne. | ||
| 610 | 2 | 0 | |a Čína |
| 610 | 2 | 0 | |a priemysel odevný |
| 610 | 2 | 0 | |a priemysel textilný |
| 610 | 2 | 0 | |a obchod |
| 610 | 2 | 0 | |a liberalizácia |
| 610 | 2 | 0 | |a Európska únia |
| 610 | 2 | 0 | |a ochrana trhu |
| 610 | 2 | 0 | |a investície priame zahraničné |
| 100 | 1 | |a Zubaľová, Ľubica, 1969- | |